Borderlands 3 Bosses - Statistics

General Stats
  • This quiz has been taken 48 times
  • The average score is 15 of 45
Answer Stats
Hint Answer % Correct
Athena Captain Traunt
91%
Pandora Mouthpiece
88%
Pandora Shiv
88%
Pandora Troy
79%
Promethea Gigamind
76%
Eden-6 Graveward
74%
Nekrotafeyo General Truant
71%
Pandora Tyreen
71%
Promethea Katagawa Ball
68%
Promethea Katagawa Jr.
68%
Promethea The Rampager
65%
Eden-6 Aurelia
56%
Eden-6 Warden
50%
Pandora The Agonizer 9000
41%
Heck Captain Haunt
32%
Krieg's Mind Evil Lilith
32%
Villa Ultraviolet Joey Ultraviolet
32%
Eden-6 GenIVIV
29%
Promethea Killavolt
29%
Krieg's Mind Psychoreaver
29%
Gehenna Rose
26%
Krieg's Mind Dr. Benedict
21%
Handsome Jackpot Freddie
21%
Krieg's Mind Locomobius
21%
Gehenna The Ruiner
21%
Xylourgos Eleanor
18%
Handsome Jackpot Prettyboy
18%
Handsome Jackpot Scraptrap Prime
18%
Xylourgos Wendigo
18%
Maliwan's Blacksite Wotan The Invincible
18%
Handsome Jackpot Fabricator
15%
Pandora Hemovorous the Invincible
15%
Nekrotafeyo The Seer
15%
Gehenna Bellik Primis
12%
Xylourgos Empowered Scholar
12%
Handsome Jackpot Scraptrap Nest
12%
Maliwan's Blacksite Valkyrie Squad
12%
Pandora Vermivorous the Invincible
12%
Xylourgos Empowered Grawn
9%
Gehenna Kormash
9%
Gehenna The Quartermaster
9%
Minos Prime Anathema the Relentless
6%
Eden-6 Billy the Anoited
6%
Xylourgos Eista
6%
Minos Prime Scourge the Invincible Martyr
6%
No matching quizzes found
Score Distribution
Percent of People with Each Score
Percentile by Number Answered
Your Score History
You have not taken this quiz